000 00273nam a22001217a 4500
020 _a0-250-40417-6
082 _a628.445 CHE'P
100 _aCHERRY, KENNETH F
_974941
245 _aPLATING WASTE TREATMENT
260 _aENGLAND
_bANN
_c1982
300 _a324P
942 _cBK
999 _c580445
_d580445